[Event "FRA-chT3 North 0304"]
[Site "France"]
[Date "2003.10.12"]
[Round "1.7"]
[White "Paul, Florian"]
[Black "Machenski, Jerome"]
[Result "0-1"]
[WhiteElo "1500"]
[BlackElo "1977"]
[PlyCount "84"]
[EventDate "2003.11.??"]
[EventType "team"]
[EventRounds "9"]
[EventCountry "FRA"]
[SourceTitle "EXT 2006"]
[Source "ChessBase"]
[SourceDate "2005.11.24"]
[SourceVersion "1"]
[SourceVersionDate "2005.11.24"]
[SourceQuality "1"]
[WhiteTeam "Aulnoye"]
[BlackTeam "Le Touquet"]
[WhiteTeamCountry "FRA"]
[BlackTeamCountry "FRA"]

1. e4 c5 2. Nc3 e6 3. Nf3 Nc6 4. d4 cxd4 5. Nxd4 d6 6. Bb5 Bd7 7. 0-0 Nf6 8. Re1 Be7 9. b3 0-0 10. Qf3 Nxd4 11. Qd3 Nxb5 12. Nxb5 Qa5 13. Nc3 Rac8 14. Bd2 Qc5 15. b4 Qb6 16. Re3 Ng4 17. Rf3 Ne5 18. Qe3 Qxe3 19. Rxe3 Nc4 20. Rd3 Nxd2 21. Re1 Bf6 22. e5 Bxe5 23. Rxe5 dxe5 24. Rxd7 Rxc3 25. Rxd2 Rfc8 26. h3 Rxc2 27. Rd7 R2c7 28. Rd2 Kf8 29. Re2 f6 30. f4 exf4 31. Rxe6 Rc2 32. Re4 f3 33. gxf3 Rxa2 34. Re1 Rcc2 35. b5 Kf7 36. Rd1 Kg6 37. h4 Kh5 38. Rd5+ Kxh4 39. Rd4+ Kh3 40. Rd1 Rg2+ 41. Kf1 Rh2 42. Kg1 Rag2+ 0-1

[Event "FRA-chT3 Gr8 0203"]
[Site "France"]
[Date "2003.01.19"]
[Round "5"]
[White "Waquet, Frederic"]
[Black "Machenski, Jerome"]
[Result "0-1"]
[WhiteElo "1880"]
[BlackElo "1930"]
[PlyCount "78"]
[EventDate "2002.10.??"]
[EventType "team"]
[EventRounds "9"]
[EventCountry "FRA"]
[SourceTitle "EXT 2005"]
[Source "ChessBase"]
[SourceDate "2004.11.15"]
[SourceVersion "1"]
[SourceVersionDate "2004.11.15"]
[SourceQuality "1"]

1. e4 c5 2. Nf3 e6 3. d3 d5 4. Nbd2 Nf6 5. g3 Nc6 6. Bg2 Be7 7. 0-0 0-0 8. e5 Nd7 9. Re1 b5 10. h4 a5 11. Nf1 b4 12. c4 bxc3 13. bxc3 Ba6 14. Rb1 Qc7 15. Bf4 Rab8 16. N1h2 Rxb1 17. Qxb1 Rb8 18. Qc2 Qb6 19. Bf1 Qb2 20. Rc1 Qxc2 21. Rxc2 Rb1 22. Kg2 a4 23. d4 c4 24. Bc1 a3 25. Ng1 Na5 26. Nhf3 Nb3 27. Bg5 Bxg5 28. hxg5 Rb2 29. Ne1 Bb5 30. g4 Ba4 31. Ngf3 Nb8 32. Kg3 Nc6 33. Kf4 Na7 34. Ke3 Nb5 35. Be2 Rxc2 36. Nxc2 Nc1 37. Nb4 Nxc3 38. Bf1 N1xa2 39. Nxa2 Nxa2 0-1

[Event "Bethune op-A 23th"]
[Site "Bethune"]
[Date "2002.12.26"]
[Round "1"]
[White "Pfleger, Sascha"]
[Black "Machenski, Jerome"]
[Result "1-0"]
[WhiteElo "2214"]
[BlackElo "2026"]
[PlyCount "125"]
[EventDate "2002.12.26"]
[EventType "swiss"]
[EventRounds "7"]
[EventCountry "FRA"]
[SourceTitle "CBM 091 Extra"]
[Source "ChessBase"]
[SourceDate "2003.01.09"]
[SourceVersion "1"]
[SourceVersionDate "2003.01.09"]
[SourceQuality "1"]

1. d4 Nf6 2. c4 e6 3. Nc3 Bb4 4. a3 Bxc3+ 5. bxc3 c5 6. e3 Nc6 7. Bd3 d6 8. Ne2 Qe7 9. e4 e5 10. d5 Nb8 11. f3 Nbd7 12. g4 h6 13. Ng3 g6 14. h4 Kd8 15. g5 hxg5 16. Bxg5 Kc7 17. h5 Qf8 18. hxg6 Rxh1+ 19. Nxh1 fxg6 20. Ng3 b6 21. Ra2 Bb7 22. Rh2 Qg7 23. Qd2 Rh8 24. Qg2 Rxh2 25. Qxh2 Qh7 26. Qxh7 Nxh7 27. Bd2 Bc8 28. Ke2 Ba6 29. Kf2 Kd8 30. Bf1 Ke7 31. Ke3 Nhf6 32. Kd3 Nh5 33. Nxh5 gxh5 34. Bg5+ Nf6 35. Bh3 Kf7 36. Bf5 Kg7 37. f4 Ng4 38. Be7 exf4 39. Bxd6 f3 40. Bxg4 hxg4 41. Bg3 Kf6 42. e5+ Ke7 43. a4 Kf7 44. e6+ Ke7 45. Ke4 Bb7 46. Ke5 Kd8 47. d6 Bc6 48. d7 Bxd7 49. exd7 Kxd7 50. Kd5 f2 51. Bxf2 Kc7 52. a5 Kb7 53. axb6 axb6 54. Kd6 Ka6 55. Kc6 Ka5 56. Bg3 Ka6 57. Bc7 Ka5 58. Bxb6+ Ka4 59. Kxc5 Kb3 60. Kd5 Kxc3 61. Bg1 Kd3 62. c5 Ke2 63. c6 1-0

[Event "FRA-chT3 Gr8 0203"]
[Site "France"]
[Date "2002.11.17"]
[Round "3"]
[White "Riquier, Laurent"]
[Black "Machenski, Jerome"]
[Result "0-1"]
[WhiteElo "1940"]
[BlackElo "1930"]
[PlyCount "82"]
[EventDate "2002.10.??"]
[EventType "team"]
[EventRounds "9"]
[EventCountry "FRA"]
[SourceTitle "EXT 2005"]
[Source "ChessBase"]
[SourceDate "2004.11.15"]
[SourceVersion "1"]
[SourceVersionDate "2004.11.15"]
[SourceQuality "1"]

1. d4 Nf6 2. Nf3 e6 3. Bf4 d5 4. e3 c5 5. c3 Nc6 6. Nbd2 Bd6 7. Ne5 Bxe5 8. dxe5 Nd7 9. Nf3 a6 10. Qa4 0-0 11. Be2 Qc7 12. Qc2 Ndxe5 13. Ng5 f5 14. 0-0-0 Qe7 15. h4 Ng6 16. h5 Nxf4 17. exf4 b5 18. Bf3 h6 19. Nh3 b4 20. Rhe1 Qf6 21. g4 fxg4 22. Bxg4 Bd7 23. f3 bxc3 24. Qxc3 Nd4 25. Rd2 a5 26. Re5 a4 27. Kb1 Rfc8 28. Qd3 a3 29. Qg6 axb2 30. Rxb2 Rcb8 31. Qxf6 gxf6 32. Re1 f5 33. Nf2 fxg4 34. fxg4 c4 35. Rd1 Rxb2+ 36. Kxb2 Rb8+ 37. Kc3 Ne2+ 38. Kd2 Nxf4 39. Ke3 e5 40. Rc1 d4+ 41. Ke4 Rb2 0-1

[Event "FRA-chT3 Gr8 0102"]
[Site "France"]
[Date "2001.12.09"]
[Round "4"]
[White "Machenski, Jerome"]
[Black "Bourdeaud'Huy, Thomas"]
[Result "1-0"]
[WhiteElo "2090"]
[BlackElo "1960"]
[PlyCount "69"]
[EventDate "2001.10.??"]
[EventType "team"]
[EventRounds "9"]
[EventCountry "FRA"]
[SourceTitle "EXT 2005"]
[Source "ChessBase"]
[SourceDate "2004.11.15"]
[SourceVersion "1"]
[SourceVersionDate "2004.11.15"]
[SourceQuality "1"]

1. e4 g6 2. d4 Bg7 3. Nc3 c6 4. Nf3 d6 5. Be3 Nf6 6. Qd2 b5 7. a3 Qa5 8. Bd3 Bg4 9. h3 Bxf3 10. gxf3 a6 11. f4 Nbd7 12. e5 dxe5 13. fxe5 Nd5 14. Nxd5 Qxd2+ 15. Bxd2 cxd5 16. a4 0-0 17. axb5 axb5 18. Ke2 e6 19. Bxb5 Nb6 20. Bb4 Rfb8 21. Bd6 Rxa1 22. Rxa1 Ra8 23. Rxa8+ Nxa8 24. Bc6 Nb6 25. Bc5 Nc4 26. b3 Na5 27. Ba8 Bf8 28. Bxf8 Kxf8 29. Kd3 Ke7 30. Kc3 Kd7 31. Kb4 Nc6+ 32. Bxc6+ Kxc6 33. Ka5 Kb7 34. Kb5 g5 35. f3 1-0

[Event "Naujac op 03rd"]
[Site "Naujac"]
[Date "2000.??.??"]
[Round "2"]
[White "Machenski, Jerome"]
[Black "Renet, Olivier"]
[Result "0-1"]
[WhiteElo "2045"]
[BlackElo "2510"]
[PlyCount "34"]
[EventDate "2000.??.??"]
[EventType "swiss"]
[EventRounds "9"]
[EventCountry "FRA"]
[SourceTitle "EXT 2001"]
[Source "ChessBase"]
[SourceDate "2000.11.22"]
[SourceVersion "1"]
[SourceVersionDate "2000.11.22"]
[SourceQuality "1"]

1. e4 c5 2. Nf3 e6 3. d4 cxd4 4. Nxd4 Nc6 5. Nc3 a6 6. Be2 d6 7. Be3 Nf6 8. 0-0 Be7 9. f4 0-0 10. Qe1 Bd7 11. Qg3 Qc7 12. Bf3 Rac8 13. Rae1 Kh8 14. Kh1 b5 15. e5 dxe5 16. fxe5 Qxe5 17. Qf2 b4 0-1

[Event "Bethune op 21st"]
[Site "Bethune"]
[Date "2000.??.??"]
[Round "5"]
[White "Machenski, Jerome"]
[Black "Roger, Mehdi"]
[Result "0-1"]
[WhiteElo "2025"]
[BlackElo "2200"]
[PlyCount "54"]
[EventDate "2000.12.26"]
[EventType "swiss"]
[EventRounds "7"]
[EventCountry "FRA"]
[SourceTitle "EXT 2003"]
[Source "ChessBase"]
[SourceDate "2002.11.25"]
[SourceVersion "1"]
[SourceVersionDate "2002.11.25"]
[SourceQuality "1"]

1. e4 e6 2. d4 d5 3. Nc3 Nf6 4. e5 Nfd7 5. f4 c5 6. Nf3 Nc6 7. Be3 cxd4 8. Nxd4 Bc5 9. Qd2 0-0 10. 0-0-0 a6 11. h4 Nxd4 12. Bxd4 b5 13. Rh3 Bb7 14. Kb1 b4 15. Na4 Bxd4 16. Qxd4 Qa5 17. b3 Bc6 18. Nb2 Bb5 19. f5 Qc7 20. fxe6 fxe6 21. Bxb5 axb5 22. Nd3 Rxa2 23. Nxb4 Raa8 24. Nxd5 exd5 25. Qxd5+ Kh8 26. Qxd7 Qa5 27. Qd4 Rfd8 0-1